000
00455nam a2200133Ia 4500
008
100328s9999 xx 000 0 und d
082
_b
12520
100
_a
चेंदवणकर सदानंद
245
_a
भारतीय शास्त्रज्ञ
260
_b
श्रीनिवास
630
_a
भारतीय शास्त्रज्ञ
730
_a
भारतीय शास्त्रज्ञ
942
_c
BOOK
999
_c
507766
_d
507763